Η φλόγα της προσοχής
Αποθηκεύτηκε σε:
| Κύριος συγγραφέας: | |
|---|---|
| Μορφή: | Βιβλίο |
| Γλώσσα: | Greek English |
| Δημοσίευση: |
Αθήνα :
Καστανιώτης,
1989.
|
| Θέματα: | |
| Ετικέτες: |
Προσθήκη ετικέτας
Δεν υπάρχουν, Καταχωρήστε ετικέτα πρώτοι!
|
MARC
| LEADER | 00000cam a2200000 i 4500 | ||
|---|---|---|---|
| 001 | 1/22328 | ||
| 008 | 980515s1989 gr | ||| |||| ||gre|| | ||
| 020 | |a 9600303665 | ||
| 035 | |l 10036530 | ||
| 040 | |a GR-MyUa |b gre |e AACR2 | ||
| 041 | 1 | |a gre |h eng | |
| 082 | 7 | |a 128 |2 (22) | |
| 100 | 1 | |a Krishnamurti, J. |q (Jiddu), |d 1895-1986. | |
| 245 | 1 | 2 | |a Η φλόγα της προσοχής / |c Κρισναμούρτι. |
| 260 | |a Αθήνα : |b Καστανιώτης, |c 1989. | ||
| 300 | |a 109 σ. ; |c 21 εκ. | ||
| 500 | |a Τίτλος πρωτοτύπου: The flame of attention. | ||
| 650 | 0 | |a Life. | |
| 852 | |a INST |b RHODES |e 19980515 |h 128 KRI |p 005400006491 |q 005400006491 |t BK |y 0 | ||
| 922 | |a 4ΕΛΗ |b 199801 |c ΚΠΣ/ΔΕ |d EMVASIS | ||
| 970 | |z 2010/03/06 | ||